00924cam a2200217 a 4500001001000000003000900010005001700019008004100036035001900077035001800096040003700114041003800151082002000189100003800209240011300247245018500360260003600545300002100581650005600602651004800658000014692DO-SdBNP20250529125001.0720613s1971 ag 000 0 spa d a(DLC) 70552502 a(OCoLC)331446 aDO-SdBNPbspacBNPHUdOCoLCdDLC17aspahfre2Código de idioma MARC a320.0173bR449n1 aRevel, Jean Francois,d1924-2006.10aNi Marx ni Jésus: de la seconde révolution américaine á la seconde révolution mondiale.lEspañol10aNi Marx ni Jesús :bde la segunda revolución americana a segunda revolución mundial /cJean-François Revel ; traducción Ramiro de Casasbellas ; edicción Robert Laffont. aBuenos Aires :bEmecé,c1971. a223 p. ;c19 cm. 0aClases socialeszEstados UnidosxHistoriaySiglo XX 4aEstados UnidosxCondiciones socialesy1945-